Datum a čas kvízu
41
Celkem bodů
Celkový počet nahraných bodů na tomto kvízu bez doplňovacích otázek.
2.
Pořadí na kvízu
Konečné umístění týmu na tomto kvízu.
Zaznamenané odpovědi
| # | Otázka | Odpověď | Body | Výsledky |
|---|---|---|---|---|
| 1. | Předseda poslanecké sněmovny T... | o klik | 1 | |
| 2. | Minulou středu odstartovala z... | A | 1 | |
| 3. | Která zpěvačka o víkendu prozr... | Lucie Bílá | 1 | |
| 4. | Jeden evropský výrobce nákladn... | Mercedes(-Benz) | 1 | |
| 5. | Který slavný sportovec minulý... | Tiger Woods | 1 | |
| 6. | Vítězné téma facebookového hla... | 1D 2B 3A 4C | 1 | |
| 7. | Ve Formuli 1 můžeme občas zazn... | A | 1 | |
| 8. | Nejvíce velkých cen, k sezóně... | A | 0 | |
| 9. | Tato stáj působila ve Formuli... | Brawn GP | 1 | |
| 10. | Ve kterém státě se nachází záv... | v Mexiku | 1 |